000 00578nam a2200229Ia 4500
003 GCL
008 140319s9999 xx 000 0 eng d
040 _aGCL /
_cGCL
082 0 4 _a615.1
_bP B
100 1 _aPGZUTO, JOHN M.
245 1 0 _aBIOTECHNOLOGY AND PHARMACY /
_cPGZUTO, JOHN M.
700 1 _aJOHNSON, MICHAEL E
700 1 _aMANASSE, HENRI, R
260 _a[S.N] :
_bCHAPMAN & HALL ،
_c1993
300 _a458 P
650 0 4 _aPHARMACOLOGY
650 0 4 _aBIOTECHNOLOGY
650 0 4 _aCONGRESSES
650 0 4 _aTECHNOLOGY
650 0 4 _aPHARMACY
942 _2ddc
_cBK
999 _c10258
_d10258